| 000 | 00988cam a22002771 4500 | ||
|---|---|---|---|
| 001 | 22091 | ||
| 003 | BD-RjUL | ||
| 005 | 20211209000751.0 | ||
| 008 | 140306r19621960nyuab b 001 0 eng | ||
| 035 | _a(BD-RjUL)22156 | ||
| 040 |
_aDLC _cAk _dDLC _dDLC _dBD-RjUL _beng |
||
| 041 | _aeng | ||
| 082 | 0 | 0 |
_a917.984 _bHUE 1962 |
| 100 | 1 |
_aHughes, Charles C. _q(Charles Campbell) _968208 |
|
| 245 | 1 | 3 |
_aAn Eskimo village in the modern world _c[by] Charles Campbell Hughes, with the collaboration of Jane M. Hughes. |
| 260 |
_aIthaca, N.Y. : _bCornell University Press, _cc1960 [Reprinted 1962]. |
||
| 300 |
_axiv, 419 p. : _billus., maps, tables ; _c24 cm. |
||
| 504 | _aIncludes bibliography (p. 399-410) and index. | ||
| 650 | 0 |
_aYuit Eskimos. _968210 |
|
| 650 | 0 |
_aEskimos _zAlaska _zSaint Lawrence Island. _968211 |
|
| 651 | 0 |
_aNative Village of Gambell. _968212 |
|
| 942 |
_2ddc _cBK |
||
| 999 |
_c22091 _d22091 |
||